000 00414nam a2200157 i 4500
001 bg
100 1 _aKULIKOWSKI, Juliusz Lech
245 0 _aZarys teorii grafów :
_bzastosowania w technice /
_cJ.L. Kulikowski.
260 _aWarszawa,
_c1986.
650 9 _aGrafy
_xstosowanie
_xtechnika
650 9 _aGrafy
_xteoria
040 _cBPK
041 _apol
942 _cKS
008 s pl f |000 0 pol
999 _c23204
_d23204
856 _uhttp://koha.tu.koszalin.pl/cgi-bin/koha/opac-detail.pl?biblionumber=23204
_yKatalog online BPK